ALL Alabama Cities - Statistics

General Stats
  • This quiz has been taken 74 times
  • The average score is 94 of 461
Answer Stats
County Municipality % Correct
B Jefferson and Shelby Birmingham
83%
H Madison, Limestone, and Morgan Huntsville
83%
T Tuscaloosa Tuscaloosa
80%
M Montgomery Montgomery‡
78%
A Lee Auburn
76%
D Houston, Dale, and Henry Dothan
66%
H Jefferson and Shelby Hoover
63%
D Morgan and Limestone Decatur
61%
J Clarke Jackson
59%
F Lauderdale Florence
56%
M Madison and Limestone Madison
54%
M Colbert Muscle Shoals
54%
S Dallas Selma
54%
T Talladega Talladega
54%
F Fayette Fayette
51%
G Etowah Gadsden
51%
P Russell and Lee Phenix City
51%
A Limestone Athens
49%
C Cullman Cullman
46%
D Baldwin Daphne
46%
G Geneva Geneva
46%
J Walker Jasper
46%
J Calhoun Jacksonville
44%
M Perry Marion
44%
A Shelby Alabaster
41%
A Calhoun Anniston
41%
A Marshall and Cullman Arab
41%
B Jefferson Bessemer
41%
C Colbert Cherokee
41%
C Jefferson Clay
41%
F Macon Franklin
41%
G Baldwin Gulf Shores
41%
O Baldwin Orange Beach
41%
T Pike Troy
41%
C Houston Columbia
39%
E Coffee and Dale Enterprise
39%
L Jefferson, St. Clair, and Shelby Leeds
39%
P Autauga and Elmore Prattville
39%
A Marshall Albertville
37%
F Baldwin Fairhope
37%
F Baldwin Foley
37%
F DeKalb Fort Payne
37%
F Clarke Fulton
37%
G Butler Greenville
37%
L Talladega Lincoln
37%
N Tuscaloosa Northport
37%
T Macon Tuskegee
37%
U Greene Union
37%
V Jefferson and Shelby Vestavia Hills
37%
B Choctaw Butler
34%
H Marion Hamilton
34%
I Jefferson Irondale
34%
L Lauderdale Lexington
34%
O Lee Opelika
34%
P St. Clair Pell City
34%
A Tallapoosa Alexander City
32%
C Cherokee Centre
32%
D Mobile Dauphin Island
32%
D Lamar Detroit
32%
E Greene Eutaw
32%
O Calhoun and Talladega Oxford
32%
B Baldwin Bay Minette
29%
B Blount Blountsville
29%
B Marshall and Etowah Boaz
29%
C Shelby and Chilton Calera
29%
C Chilton Clanton
29%
C Blount Cleveland
29%
C Shelby Columbiana
29%
D Marengo Demopolis
29%
D Walker Dora
29%
E Elmore Elmore
29%
H Shelby and Jefferson Helena
29%
L Chambers LaFayette
29%
L Sumter Livingston
29%
P Shelby Pelham
29%
R DeKalb Rainsville
29%
S Mobile Saraland
29%
S Jackson Scottsboro
29%
S Walker and Jefferson Sumiton
29%
S Talladega Sylacauga
29%
T Colbert Tuscumbia
29%
A Pickens Aliceville
27%
A Limestone Ardmore
27%
A St. Clair Ashville
27%
A Escambia Atmore
27%
B Fayette Berry
27%
C Bibb Centreville
27%
C Barbour Clayton
27%
D Tallapoosa Dadeville
27%
E Barbour Eufaula
27%
F Jefferson Fultondale
27%
G Jefferson Gardendale
27%
G Marshall Guntersville
27%
H Marion Hackleburg
27%
H Winston and Marion Haleyville
27%
H Cullman Hanceville
27%
H Morgan Hartselle
27%
H Jefferson Homewood
27%
H Jefferson Hueytown
27%
M Jefferson Morris
27%
M Lawrence Moulton
27%
O Covington Opp
27%
P Calhoun and Cherokee Piedmont
27%
R Etowah Rainbow City
27%
T Elmore and Tallapoosa Tallassee
27%
W Jefferson and Blount Warrior
27%
W Elmore Wetumpka
27%
Y Sumter York
27%
A Henry Abbeville
24%
A Jefferson Adamsville
24%
A Covington Andalusia
24%
A Clay Ashland
24%
A Etowah Attalla
24%
A Autauga Autaugaville
24%
C Jefferson Center Point
24%
C Shelby Chelsea
24%
C Talladega and Shelby Childersburg
24%
C DeKalb and Cherokee Collinsville
24%
C Walker Cordova
24%
G Pickens Gordo
24%
G Hale Greensboro
24%
G Marion Guin
24%
L Cherokee Leesburg
24%
M Monroe Monroeville
24%
N Madison New Hope
24%
O Blount Oneonta
24%
O Dale Ozark
24%
P Franklin Phil Campbell
24%
P Jefferson Pleasant Grove
24%
P Mobile Prichard
24%
R Franklin Russellville
24%
S Etowah and Calhoun Southside
24%
S Jackson Stevenson
24%
T Jefferson Tarrant
24%
T Jefferson and St. Clair Trussville
24%
V Chambers Valley
24%
V Lamar Vernon
24%
W Marion and Fayette Winfield
24%
A Etowah and Blount Altoona
22%
A Lauderdale Anderson
22%
A St. Clair and Jefferson Argo
22%
B Bibb Brent
22%
C Walker Carbon Hill
22%
C Mobile Citronelle
22%
C Tuscaloosa Coaling
22%
D Dale Daleville
22%
D Winston Double Springs
22%
E Coffee Elba
22%
E Limestone Elkmont
22%
E Sumter Epes
22%
E Conecuh Evergreen
22%
F Jefferson Fairfield
22%
F Covington Florala
22%
G DeKalb Geraldine
22%
G Etowah and Calhoun Glencoe
22%
G Marshall Grant
22%
H Cleburne Heflin
22%
H Etowah Hokes Bluff
22%
H Cullman Holly Pond
22%
K Lauderdale Killen
22%
K Jefferson Kimberly
22%
M Lamar Millport
22%
M Shelby Montevallo
22%
M St. Clair Moody
22%
M Jefferson Mountain Brook
22%
O Talladega Oak Grove
22%
O Madison Owens Cross Roads
22%
P Montgomery Pike Road
22%
R Franklin Red Bay
22%
S Jackson Skyline
22%
S Baldwin Spanish Fort
22%
S Lamar Sulligent
22%
T Morgan Trinity
22%
W Randolph Wedowee
22%
W Bibb West Blocton
22%
A Winston Addison
20%
B Cullman Baileyton
20%
B Geneva Black
20%
B Greene Boligee
20%
B Escambia Brewton
20%
B Jackson Bridgeport
20%
B Marion Brilliant
20%
C Cherokee Cedar Bluff
20%
C Mobile Chickasaw
20%
C Barbour Clio
20%
C Elmore Coosada
20%
D Cullman Dodge City
20%
E Elmore Eclectic
20%
F DeKalb Fyffe
20%
G Cullman Good Hope
20%
G Jefferson Graysville
20%
I Shelby Indian Springs Village
20%
J Tallapoosa Jackson's Gap
20%
J Chilton Jemison
20%
L Clay Lineville
20%
L Baldwin Loxley
20%
M Hale and Tuscaloosa Moundville
20%
N Walker and Winston Nauvoo
20%
O Calhoun Ohatchee
20%
P Walker Parrish
20%
P Pickens Pickensville
20%
R Randolph Roanoke
20%
R Baldwin Robertsdale
20%
S Blount Snead
20%
S St. Clair Springville
20%
T Clarke Thomasville
20%
A Winston Arley
17%
B Crenshaw Brantley
17%
B Jefferson Brighton
17%
B Jefferson Brookside
17%
B Pike Brundidge
17%
C Wilcox Camden
17%
C Pickens Carrollton
17%
C Clarke Coffeeville
17%
C Houston Cottonwood
17%
C Blount and Jefferson County Line
17%
C Lawrence Courtland
17%
C Mobile Creola
17%
C DeKalb Crossville
17%
D Marshall Douglas
17%
D Jackson Dutton
17%
E Escambia East Brewton
17%
E Walker Eldridge
17%
E Morgan Eva
17%
F Morgan Falkville
17%
F Escambia Flomaton
17%
F Lowndes Fort Deposit
17%
G Sumter Gainesville
17%
G Madison Gurley
17%
H Shelby Harpersville
17%
H Blount Hayden
17%
H Jackson Hollywood
17%
H Jackson Hytop
17%
K Walker Kansas
17%
L Tuscaloosa Lake View
17%
L DeKalb Lakeview
17%
L Colbert Leighton
17%
L Colbert Littleville
17%
L Lee Loachapoka
17%
L Crenshaw Luverne
17%
M Pickens Memphis
17%
M DeKalb Mentone
17%
M Limestone Mooresville
17%
N Dale Newton
17%
N Macon and Lee Notasulga
17%
O St. Clair Odenville
17%
P Wilcox Pine Apple
17%
P Morgan Priceville
17%
R Covington Red Level
17%
R Pickens Reform
17%
S Geneva Samson
17%
S Etowah Sardis City
17%
S Mobile Satsuma
17%
S Jackson Section
17%
S Colbert Sheffield
17%
S Morgan Somerville
17%
T Madison Triana
17%
U Bullock Union Springs
17%
V Tuscaloosa and Bibb Vance
17%
V Shelby, St. Clair, and Talladega Vincent
17%
W Lauderdale Waterloo
17%
W Calhoun Weaver
17%
W Bibb and Tuscaloosa Woodstock
17%
B Mobile Bayou La Batre
15%
B Marion Bear Creek
15%
B Barbour Blue Springs
15%
B Talladega Bon Air
15%
B Tuscaloosa Brookwood
15%
C Tallapoosa Camp Hill
15%
C Tuscaloosa Coker
15%
C Sumter Cuba
15%
D Marengo Dayton
15%
D Elmore Deatsville
15%
F Cullman Fairview
15%
G Cullman and Blount Garden City
15%
G Cherokee Gaylesville
15%
G Butler Georgiana
15%
G Coosa Goodwater
15%
G Houston Gordon
15%
G Clarke Grove Hill
15%
H Geneva Hartford
15%
H Henry Headland
15%
H DeKalb Henagar
15%
H Lawrence Hillsboro
15%
H Franklin Hodges
15%
I DeKalb Ider
15%
K Lamar Kennedy
15%
L Marengo Linden
15%
L Jefferson Lipscomb
15%
L Choctaw Lisman
15%
L Blount Locust Fork
15%
L Barbour Louisville
15%
L Lowndes Lowndesboro
15%
L Winston Lynn
15%
M St. Clair Margaret
15%
M Jefferson Midfield
15%
M Elmore and Autauga Millbrook
15%
M Mobile Mobile[c]
15%
M Talladega Munford
15%
N Blount Nectar
15%
N Coffee New Brockton
15%
O Walker Oakman
15%
P Baldwin Perdido Beach
15%
P Wilcox Pine Hill
15%
P Jefferson Pinson
15%
P Jackson Pisgah
15%
P DeKalb Powell
15%
R St. Clair Ragland
15%
R St. Clair Riverside
15%
R Lauderdale Rogersville
15%
S Cherokee and DeKalb Sand Rock
15%
S Walker Sipsey
15%
S Lee Smiths Station
15%
S St. Clair Steele
15%
S Blount Susan Moore
15%
S DeKalb Sylvania
15%
T Talladega Talladega Springs
15%
T Houston and Geneva Taylor
15%
T Chilton Thorsby
15%
T Lawrence Town Creek
15%
U Marshall Union Grove
15%
U Perry Uniontown
15%
V Dallas Valley Grande
15%
V DeKalb Valley Head
15%
V Franklin Vina
15%
W Randolph Wadley
15%
W Shelby Westover
15%
W Shelby Wilsonville
15%
W Randolph Woodland
15%
W Jackson Woodville
15%
A Blount Allgood
12%
A Dale Ariton
12%
A Houston Ashford
12%
A Houston Avon
12%
B Pike Banks
12%
B Lamar Beaverton
12%
B Autauga Billingsley
12%
C Jefferson Cardiff
12%
C Conecuh Castleberry
12%
C Washington Chatom
12%
C Dale Clayhatchee
12%
C Geneva Coffee Springs
12%
C Cullman Colony
12%
D Tallapoosa Daviston
12%
E Baldwin Elberta
12%
E Monroe Excel
12%
F Chambers Five Points
12%
F Monroe Frisco City
12%
F Cleburne Fruithurst
12%
G Sumter Geiger
12%
G Fayette and Marion Glen Allen
12%
G Crenshaw Glenwood
12%
G Lowndes Gordonville
12%
G Marion and Fayette Gu-Win
12%
K Coosa Kellyton
12%
K Coffee Kinston
12%
L Chambers Lanett
12%
L Jackson Langston
12%
L Limestone Lester
12%
M Houston Madrid
12%
M Baldwin Magnolia Springs
12%
M Chilton Maplesville
12%
M Washington McIntosh
12%
M Mobile Mount Vernon
12%
O Wilcox Oak Hill
12%
P Jackson Paint Rock
12%
P DeKalb Pine Ridge
12%
P Jackson Pleasant Groves
12%
R Etowah Reece City
12%
R Etowah Ridgeville
12%
R Coosa Rockford
12%
S Geneva Slocomb
12%
S Baldwin Summerdale
12%
S Jefferson Sylvan Springs
12%
T Marengo Thomaston
12%
T Jefferson Trafford
12%
W Etowah Walnut Grove
12%
W Jefferson West Jefferson
12%
W Cullman West Point
12%
W Shelby Wilton
12%
A Hale Akron
10%
B Covington Babbie
10%
B Barbour Bakerhill
10%
B Monroe Beatrice
10%
B Fayette Belk
10%
B Lowndes Benton
10%
C Covington Carolina
10%
C Houston Cowarts
10%
D Crenshaw Dozier
10%
E Cleburne Edwardsville
10%
E Sumter Emelle
10%
E Pickens Ethelsville
10%
F Marengo Faunsdale
10%
F Greene Forkland
10%
G Covington Gantt
10%
G Choctaw Gilbertown
10%
G Tallapoosa Goldville
10%
G Pike Goshen
10%
H Lowndes Hayneville
10%
K Houston Kinsey
10%
M Jefferson Maytown
10%
M Butler and Conecuh McKenzie
10%
M Dale Midland City
10%
M Washington Millry
10%
M Jefferson Mulga
10%
N Winston Natural Bridge
10%
N Tallapoosa New Site
10%
N Lawrence North Courtland
10%
N Jefferson North Johns
10%
R Cleburne Ranburne
10%
R Blount Rosa
10%
S DeKalb Shiloh
10%
S Macon Shorter
10%
S Baldwin Silverhill
10%
S Cullman South Vinemont
10%
T Marion Twin
10%
W Chambers and Lee Waverly
10%
W Lowndes White Hall
10%
C Chambers Cusseta
7%
H Henry Haleburg
7%
H DeKalb Hammondville
7%
H Covington Heath
7%
H Blount Highland Lake
7%
H Russell Hurtsboro
7%
L Dale Level Plains
7%
L Covington Libertyville
7%
L Covington Lockhart
7%
M Geneva Malvern
7%
M Pickens McMullen
7%
M Bullock Midway
7%
M Lowndes Mosses
7%
M Marengo Myrtlewood
7%
N Dale Napier Field
7%
N Hale Newbern
7%
N Henry Newville
7%
O Covington Onycha
7%
O Dallas Orrville
7%
P Choctaw Pennington
7%
P Crenshaw Petrey
7%
P Dale Pinckard
7%
P Escambia Pollard
7%
P Marengo Providence
7%
R Houston Rehobeth
7%
R Conecuh Repton
7%
R Covington River Falls
7%
R Crenshaw Rutledge
7%
S Covington Sanford
7%
S Choctaw Silas
7%
S Lauderdale St. Florian
7%
T Choctaw Toxey
7%
V Monroe Vredenburgh
7%
W Talladega Waldo
7%
W Houston Webb
7%
Y Wilcox Yellow Bluff
7%
G Dale Grimes
5%
H Calhoun Hobson City
5%
H Covington Horn Hill
5%
R Escambia Riverview
5%
S Marengo Sweet Water
5%
B Cullman Berlin[b]
2%
N Choctaw Needham
2%
No matching quizzes found
Score Distribution
Percent of People with Each Score
Percentile by Number Answered
Your Score History
You have not taken this quiz